000 00705nam a2200253Ia 4500
001 14572
005 20240113235542.0
007 ta
008 120913s1961 ii a g b000 u 465 u
040 _aCotton College,Assam
041 _a465
082 _a512.8
_bG 346 N
100 _aGhosh , Devaprasad .
245 0 _aA New Intermediate Algebra /
_cDevaprasad Ghosh & Gangadas Mukhopadhyaya.
_hTextual Documents
250 _a12th ed. /
260 _aCalcutta :
_bModern Book Agency ,
_c1961.
300 _a415p. :
_bill ;
_c20cm .
653 _aAlgebra
653 _aG-Mathematics
700 _aMukhopadhyaya, Gangadas .
942 _2ddc
_cBK
999 _c14558
_d14558